Normal view
MARC view
- Cultura
Entry Materia
001 - NÚMERO DE CONTROL DEL REGISTRO
- campo de control: 11504
003 - IDENTIFICADOR DE NUMERO DE CONTROL
- campo de control: MX-MxUPN
005 - FECHA Y HORA DE LA ÚLTIMA TRANSACCIÓN
- campo de control: 20240911133809.0
008 - DATOS DE LONGITUD FIJA
- campo de control de longitud fija: 240911nn fnnnnbaba n ana |d
035 ## - NÚMERO DE CONTROL DEL SISTEMA
- Número de control del sistema: UPN10000011511
040 ## - FUENTE DE LA CATALOGACIÓN
- Centro catalogador de origen: MX-MxUPN
- Lengua de catalogación: spa
053 #4 - NÚMERO CLASIFICADOR - BIBLIOTECA DEL CONGRESO (LC)
- Elemento numérico de la clasificación - Número único o no. inicial del rango: GN365
150 ## - ENCABEZAMIENTO - TEMÁTICO
- Término de materia o nombre geográfico como elemento inicial: Cultura
- Subdivisión de materia general: Difusión
450 ## - VÉASE - MATERIA
- Encabezamiento temático: Difusión cultural
450 ## - VÉASE - MATERIA
- Encabezamiento temático: Extensión cultural
670 ## - FUENTE EN LA QUE SE LOCALIZARON DATOS
- Cita de la fuente: Escamilla González, G. Lista de encabezamientos de materia, 1978 :
- Información localizada: página 228 (Cultura -- Difusión)
902 ## - CATALOGADOR
- Catalogador: CAA/290896
- Catalogador: VíctorGodínez/110924
